Moje životné lásky "preborník v lámaní ženských sŕdc som nebol," zdôveril sa Paľo Habera

Bibliographic Details
Main Authors: Synaková, Ľudmila (ain), Habera, Pavol, 1962- (Author, uin)
Format: Article
Language:Slovak
PhysicalDescription:Fotogr.
ISSN:1335-4698
Subjects:

MARC

LEADER 00000nab a2200000 a 4500
001 vtls000724449
003 SK-MaSNL
005 20260303215234.0
008 040806c2000 xo 0 slo
015 |a SNBRB2000/06-16685 
035 |a CLN000076613 
040 |a SNKBUCL  |b slo  |c SNKBUCL  |e AACR2 
041 0 |a slo 
044 |a xo  |c SK 
080 |a 78.071.2:784.66  |2 UDC-MRF-SK2 
080 |a 784.66  |2 UDC-MRF-SK2 
100 1 |a Synaková, Ľudmila  |4 ain  |9 266206 
245 1 0 |a Moje životné lásky  |b "preborník v lámaní ženských sŕdc som nebol," zdôveril sa Paľo Habera  |c [zhovárala sa] Ľudmila Synaková 
300 |b Fotogr. 
600 1 7 |a Habera, Pavol,  |d 1962-  |2 snkbucl  |9 98859 
655 7 |a články z novín a časopisov  |2 snkbucl  |9 267496 
700 1 |a Habera, Pavol,  |d 1962-  |4 aut  |4 uin  |9 98859 
773 0 |x 1335-4698  |t Slovenská republika víkend  |g Roč. 8[7], č. 20 (2000), s. 16/VIII 
850 |a Slovenská národná knižnica v Martine 
852 |a SNK  |b KIS3GCP 
999 |c 2220613  |d 2222543